<?xml version="1.0" encoding="UTF-8"?>
<record
    xmlns:xsi="http://www.w3.org/2001/XMLSchema-instance"
    xsi:schemaLocation="http://www.loc.gov/MARC21/slim http://www.loc.gov/standards/marcxml/schema/MARC21slim.xsd"
    xmlns="http://www.loc.gov/MARC21/slim">

  <leader>01581nam a22003137a 4500</leader>
  <controlfield tag="003">DO-SdBNP</controlfield>
  <controlfield tag="005">20250116125129.0</controlfield>
  <controlfield tag="007">ta</controlfield>
  <controlfield tag="008">110301s2020    dr a          000 0 spa d</controlfield>
  <datafield tag="020" ind1=" " ind2=" ">
    <subfield code="a">9789945620108</subfield>
  </datafield>
  <datafield tag="040" ind1=" " ind2=" ">
    <subfield code="a">DO-SdBNP</subfield>
    <subfield code="b">spa</subfield>
    <subfield code="c">BNPHU</subfield>
  </datafield>
  <datafield tag="082" ind1=" " ind2=" ">
    <subfield code="a">xxxx</subfield>
    <subfield code="b">xxxx</subfield>
  </datafield>
  <datafield tag="245" ind1="1" ind2="0">
    <subfield code="a">Mi futuro es importante hoy 2.0 :</subfield>
    <subfield code="b">recomendado para estudiantes de 15-16 a&#xF1;os /</subfield>
    <subfield code="c">Christine de Marcellus de Vollmer, June Saunders, Carlos Beltramo, Jokin De Irala ; colaborador, Jes&#xFA;s El&#xED;as Michelen Embarek ; ilustraci&#xF3;n Paul Yanque </subfield>
  </datafield>
  <datafield tag="260" ind1=" " ind2=" ">
    <subfield code="a">Santo Domingo :</subfield>
    <subfield code="b">Ediciones ALAFA, </subfield>
    <subfield code="b">Fundaci&#xF3;n Palabra y Vida, </subfield>
    <subfield code="c">2020.</subfield>
  </datafield>
  <datafield tag="300" ind1=" " ind2=" ">
    <subfield code="a">178 p. :</subfield>
    <subfield code="b">il.</subfield>
    <subfield code="c">25 cm.</subfield>
  </datafield>
  <datafield tag="490" ind1="1" ind2=" ">
    <subfield code="a">Aprendiendo a querer ;</subfield>
    <subfield code="v">11 ;</subfield>
  </datafield>
  <datafield tag="500" ind1=" " ind2=" ">
    <subfield code="a">Es un programa completo para educaci&#xF3;n en valores, educaci&#xF3;n en democracia, desarrollo de la personalidad y una sana educaci&#xF3;n sexual. </subfield>
  </datafield>
  <datafield tag="500" ind1=" " ind2=" ">
    <subfield code="a">Para estudiantes de 15-16 a&#xF1;os.</subfield>
  </datafield>
  <datafield tag="505" ind1="2" ind2=" ">
    <subfield code="g">Unidad I --</subfield>
    <subfield code="t">Personalidad y liderazgo --</subfield>
    <subfield code="g">Unidad II --</subfield>
    <subfield code="t">Car&#xE1;cter, liderazgo y vida --</subfield>
    <subfield code="g">Unidad III --</subfield>
    <subfield code="t">Liderazgo en acci&#xF3;n --</subfield>
    <subfield code="g">Unidad IV --</subfield>
    <subfield code="t">Car&#xE1;cter y relaciones --</subfield>
    <subfield code="g">Unidad V --</subfield>
    <subfield code="t">Espejismo y realidad --</subfield>
    <subfield code="g">Unidad VI --</subfield>
    <subfield code="t">Cambiando de rumbo --</subfield>
    <subfield code="g">Unidad VII --</subfield>
    <subfield code="t">Enfrentando realidades de la vida /</subfield>
  </datafield>
  <datafield tag="590" ind1=" " ind2=" ">
    <subfield code="a">Inventariado, 2022/ YL</subfield>
  </datafield>
  <datafield tag="700" ind1="1" ind2="2">
    <subfield code="a">Marcellus de Vollmer, Christine de</subfield>
    <subfield code="9">78929</subfield>
  </datafield>
  <datafield tag="700" ind1="1" ind2="2">
    <subfield code="a">Saunders, June</subfield>
    <subfield code="9">81792</subfield>
  </datafield>
  <datafield tag="700" ind1="1" ind2="2">
    <subfield code="a">Beltramo, Carlos</subfield>
    <subfield code="9">81793</subfield>
  </datafield>
  <datafield tag="700" ind1="1" ind2="2">
    <subfield code="a">De Irala, Jokin</subfield>
    <subfield code="9">81794</subfield>
  </datafield>
  <datafield tag="700" ind1="1" ind2="2">
    <subfield code="a">Michelen Embarek, Jes&#xFA;s El&#xED;as</subfield>
    <subfield code="e">col.</subfield>
    <subfield code="9">72774</subfield>
  </datafield>
  <datafield tag="830" ind1="0" ind2=" ">
    <subfield code="n">Aprendiendo a querer</subfield>
    <subfield code="p">11</subfield>
    <subfield code="9">81429</subfield>
  </datafield>
  <datafield tag="910" ind1=" " ind2=" ">
    <subfield code="a">YLockward</subfield>
  </datafield>
  <datafield tag="942" ind1=" " ind2=" ">
    <subfield code="2">ddc</subfield>
    <subfield code="c">LBS1</subfield>
  </datafield>
  <datafield tag="952" ind1=" " ind2=" ">
    <subfield code="0">0</subfield>
    <subfield code="1">0</subfield>
    <subfield code="2">ddc</subfield>
    <subfield code="5">1</subfield>
    <subfield code="7">0</subfield>
    <subfield code="8">CIJ-PD</subfield>
    <subfield code="a">BNPHU</subfield>
    <subfield code="b">BNPHU</subfield>
    <subfield code="c">HD</subfield>
    <subfield code="d">2020-10-27</subfield>
    <subfield code="e">Amigo del Hogar</subfield>
    <subfield code="l">0</subfield>
    <subfield code="o">xxxx xxxx</subfield>
    <subfield code="p">2022-2764</subfield>
    <subfield code="r">2022-06-07</subfield>
    <subfield code="w">2022-06-07</subfield>
    <subfield code="y">LBS1</subfield>
  </datafield>
  <datafield tag="952" ind1=" " ind2=" ">
    <subfield code="0">0</subfield>
    <subfield code="1">0</subfield>
    <subfield code="2">ddc</subfield>
    <subfield code="5">1</subfield>
    <subfield code="7">0</subfield>
    <subfield code="8">CIJ-PD</subfield>
    <subfield code="a">BNPHU</subfield>
    <subfield code="b">BNPHU</subfield>
    <subfield code="c">HD</subfield>
    <subfield code="d">2020-10-27</subfield>
    <subfield code="e">Amigo del Hogar</subfield>
    <subfield code="l">0</subfield>
    <subfield code="o">xxxx xxxx</subfield>
    <subfield code="p">2022-2765</subfield>
    <subfield code="r">2022-06-07</subfield>
    <subfield code="t">e. 2</subfield>
    <subfield code="w">2022-06-07</subfield>
    <subfield code="y">LBS1</subfield>
  </datafield>
  <datafield tag="999" ind1=" " ind2=" ">
    <subfield code="c">51943</subfield>
    <subfield code="d">51943</subfield>
  </datafield>
</record>
